000 00482nam a2200181Ia 4500
005 20250326125553.0
008 250326s9999 xx 000 0 und d
037 _aTextbook
040 _aFMSL
_beng
_cFMSL
041 _aeng
_2eng
084 _aX:31.56 L4
_qFMSL
100 _aAtkinson A B
245 0 _aUnequal shares
_cAtkinson A B
260 _aEngland
_bEngland, Penguin Books
_c1974
300 _a277p
942 _cTB
_hX:31.56 L4
999 _c1278621
_d1278621